000 00764cam a22001815a 4500
001 L155843
008 120418s1833 xxk f 000 0 eng d
035 _a(Sirsi) u155843
041 0 _aeng
100 1 _aParnell, Henry
_cSir
_d1776-1842
245 0 2 _aA treatise on roads
_bwherein the principles on which roads should be made are explained and illustrated, by the plans, specifications, and contracts made use of by Thomas Telford, Esq. on the Holyhead road
260 _aLondon
_bPrinted for Longman, Rees, Orme, Brown, Green & Longman
_c1833
300 _axii, 438 p., [7] folded leaves of plates
_bill.
_c23 cm.
583 _aCondition reviewed
_c20120620
_lcondition level 1
651 4 _aGreat Britain
_y1707-
690 _aInfrastructure
_96246
942 _n0
999 _c113867
_d113867